Sports Quiz

Random Sports or Football Quiz

Sports Terms Missing a Letter Quiz Stats

 Plays Quiz Updated May 2, 2019

Score 0/24 Timer 06:00
0 Plays Today
% Correct
Dadlift
86.3%
Relief Itcher
85.3%
200m Beaststroke
85%
Fee Throw
84.4%
Hat Tick
83.9%
Yellow Car
83.2%
Log Snapper
83.2%
Fist Baseman
83.2%
Offensive Ass Interference
82.9%
100m Ash
82.5%
Shogun Formation
82.3%
Gran Slam
82.2%
% Correct
Snowbarding
82.2%
Sad Trap
82.1%
Two Pint Conversion
82%
Most Valuable Payer
81.6%
Math Point
81%
Right Wig
80.5%
Oxing Out
79.7%
Weeper
79.7%
Tripe Jump
79.2%
Shorttop
78.5%
Bach Volleyball
76.6%
Fopping
74.9%

You're not logged in!

Compare scores with friends on all Sporcle quizzes.
OR
Log In

Sporcle TV

Today on Sporcle TV


Watch our educational content, quiz creation guides, and fun videos on Sporcle TV.

Show Comments

Extras

Top Quizzes Today


Score Distribution

Your Account Isn't Verified!

In order to create a playlist on Sporcle, you need to verify the email address you used during registration. Go to your Sporcle Settings to finish the process.

Report this User

Report this user for behavior that violates our Community Guidelines.

Details: